<?xml version="1.0" encoding="UTF-8"?><?xml-stylesheet type="text/xsl" href="static/style.xsl"?><OAI-PMH xmlns="http://www.openarchives.org/OAI/2.0/" xmlns:xsi="http://www.w3.org/2001/XMLSchema-instance" xsi:schemaLocation="http://www.openarchives.org/OAI/2.0/ http://www.openarchives.org/OAI/2.0/OAI-PMH.xsd"><responseDate>2026-04-27T20:22:18Z</responseDate><request verb="GetRecord" identifier="oai:uvadoc.uva.es:10324/49999" metadataPrefix="marc">https://uvadoc.uva.es/oai/request</request><GetRecord><record><header><identifier>oai:uvadoc.uva.es:10324/49999</identifier><datestamp>2021-11-14T19:33:53Z</datestamp><setSpec>com_10324_38</setSpec><setSpec>col_10324_852</setSpec></header><metadata><record xmlns="http://www.loc.gov/MARC21/slim" xmlns:doc="http://www.lyncode.com/xoai" xmlns:xsi="http://www.w3.org/2001/XMLSchema-instance" xmlns:dcterms="http://purl.org/dc/terms/" xsi:schemaLocation="http://www.loc.gov/MARC21/slim http://www.loc.gov/standards/marcxml/schema/MARC21slim.xsd">
<leader>00925njm 22002777a 4500</leader>
<datafield tag="042" ind1=" " ind2=" ">
<subfield code="a">dc</subfield>
</datafield>
<datafield tag="720" ind1=" " ind2=" ">
<subfield code="a">Martos Cuesta, María del Carmen</subfield>
<subfield code="e">author</subfield>
</datafield>
<datafield tag="260" ind1=" " ind2=" ">
<subfield code="c">2021</subfield>
</datafield>
<datafield tag="520" ind1=" " ind2=" ">
<subfield code="a">La presente investigación surge de una necesidad propia de analizar si existen flujos migratorios ya no solo por motivos economicistas, sino que estos mismos también pueden estar acompañados de otras características personales, como puede ser la libre exteriorización de la sexualidad. Concretamente, he indagado en si la cuestión de la orientación sexual o identidad de género son un aliciente más para huir de los medios rurales hacia otros lugares donde encontrarse más libres y anónimos.</subfield>
</datafield>
<datafield tag="024" ind2=" " ind1="8">
<subfield code="a">https://uvadoc.uva.es/handle/10324/49999</subfield>
</datafield>
<datafield tag="245" ind1="0" ind2="0">
<subfield code="a">El éxodo rural en Castilla y León. Analizando el fenómeno del sexilio</subfield>
</datafield>
</record></metadata></record></GetRecord></OAI-PMH>